Tribal arts forms in Kerala (Record no. 40049)
[ view plain ]
| 000 -LEADER | |
|---|---|
| fixed length control field | 00495nam a22001697a 4500 |
| 005 - DATE AND TIME OF LATEST TRANSACTION | |
| control field | 20240513164638.0 |
| 008 - FIXED-LENGTH DATA ELEMENTS--GENERAL INFORMATION | |
| fixed length control field | 240513b |||||||| |||| 00| 0 eng d |
| 020 ## - INTERNATIONAL STANDARD BOOK NUMBER | |
| International Standard Book Number | 9788194168522 |
| 082 ## - DEWEY DECIMAL CLASSIFICATION NUMBER | |
| Classification number | 793.31954 PRA/T |
| 100 ## - MAIN ENTRY--PERSONAL NAME | |
| Personal name | Pradeepkumar, K S (Ed.) |
| 245 ## - TITLE STATEMENT | |
| Title | Tribal arts forms in Kerala |
| 260 ## - PUBLICATION, DISTRIBUTION, ETC. (IMPRINT) | |
| Place of publication, distribution, etc | Calicut, |
| Name of publisher, distributor, etc | KIRTADS, |
| Date of publication, distribution, etc | 2020 |
| 300 ## - PHYSICAL DESCRIPTION | |
| Extent | 173p. |
| 500 ## - GENERAL NOTE | |
| General note | Gifted by Dr. Malu K<br/>From Project CTDC : Centre for Digital Transformation in Culture |
| 650 ## - SUBJECT ADDED ENTRY--TOPICAL TERM | |
| Topical term or geographic name as entry element | Art Forms |
| 942 ## - ADDED ENTRY ELEMENTS (KOHA) | |
| Item type | Books |
No items available.